A cinco años de la Cumbre Mundial sobre Desarrollo Social
Kaydedildi:
| Materyal Türü: | Metin |
|---|---|
| Konular: | |
| Etiketler: |
Etiketle
Etiket eklenmemiş, İlk siz ekleyin!
|
MARC
| LEADER | 00000 a a2200000 04500 | ||
|---|---|---|---|
| 001 | 5759 | ||
| 003 | |||
| 040 | |||
| 245 | |a A cinco años de la Cumbre Mundial sobre Desarrollo Social | ||
| 650 | |a POBREZA | ||
| 650 | |a DESARROLLO SOCIAL | ||
| 650 | |a COOPERACION INTERNACIONAL | ||
| 650 | |a DOCUMENTOS DE REUNION | ||
| 773 | |g número 920; páginas 10-12 | ||
| 999 | |c 20880 |d 20880 | ||
